Carta con fecha 26 de febrero de 1940. Sr. Lic. Don Miguel Palomar y Vizcarra

Síntesis: La carta contiene una aclaración de la Sra. Elena Lascurain a Palomar en el sentido del nombre del director de la Asociación de Damas Católicas, señala que era el Exmo. Sr. Ruiz.

保存先:
書誌詳細
第一著者: Lascuráin Silva, Elena de (autor)
フォーマット: 図書
主題:
タグ: タグ追加
タグなし, このレコードへの初めてのタグを付けませんか!

MARC

LEADER 00000nam^a2200000^a^4500
001 000250426
005 20250526000000.0
009 20260310105809.62
035 |a R01427 
037 |a Acervo Xavier Clavigero 
082 |a 25. LAS V. LIBRO 9 28/152 
100 |a Lascuráin Silva, Elena de  |e (autor) 
245 1 0 |a Carta con fecha 26 de febrero de 1940. Sr. Lic. Don Miguel Palomar y Vizcarra 
264 |a México, D.F. :  |b Destinatario: Palomar y Vizcarra, Miguel, vicepresidente de la LNDLR,  |c 1940 
300 |a 1 foja, mcs/cop., 21.3 X 28 cms. 
336 |a texto  |b txt  |2 rdacontenido 
337 |a sin mediación  |b n  |2 rdamedio 
338 |a volumen  |b nc  |2 rdasoporte 
520 |a Síntesis: La carta contiene una aclaración de la Sra. Elena Lascurain a Palomar en el sentido del nombre del director de la Asociación de Damas Católicas, señala que era el Exmo. Sr. Ruiz. 
598 |a Carta 
598 |a En la biblioteca del ILFC, Guadalajara, Jal. 
598 |a Fechas que cita el documento: 1938/mayo/31 
649 |a XX 
650 |a * Lascurain Silva, Elena de -  |x Correspondencia, memorias, etc 
650 |a * Unión de damas católicas 
650 |a * Pío XI, Papa, 1922-1939 
910 |a Fondo Jesús Gómez Fregoso S.J. FXC 
920 |a Impresos - Documentos 
930 |a Libros Antiguos y Raros 
940 |a Guerra Cristera 
905 |a 110 
901 |a R01427  |b IT2  |c LRA  |i R01427  |u 20250526 
902 |a https://opac.biblio.iteso.mx/vufind/Record/000250426